000 00760cam a22001935a 4500
001 E153010
008 110523s2009 xxk f 000 0 eng d
035 _a(Sirsi) u153010
041 0 _aeng
050 0 4 _a920 $2 18
110 2 _aAssociation of Chief Estates Surveyors and Property Managers in the Public Sector
_95693
245 0 2 _aA century surveyed
260 _a[S.l.]
_bACES
_c[2009]
300 _a190p.
_bill.
_c30cm.
520 _aPresents a history of the Association of Chief Estates Surveyors & Property Managers in the Public Sector (ACES), including details of publications and the developments of the website. Lists presidents of ACES and reproduces photographs of members.
651 4 _aUnited Kingdom
_y
690 _aPROPERTY
942 _n0
999 _c112321
_d112321